| 000 | 00372nam a2200157Ia 4500 | ||
|---|---|---|---|
| 003 | 0STCL | ||
| 008 | 150530s9999 xx 000 0 und d | ||
| 040 |
_aSTCL _cSTCL |
||
| 100 | _aGrover Smith | ||
| 245 | _aT.S.Eliots poetry and plays | ||
| 260 |
_bChicago university press _c1967 |
||
| 546 | _aEnglish | ||
| 942 |
_2ddc _cBK |
||
| 999 |
_c52276 _d52276 |
||
| 005 | 20220125170856.0 | ||